[Event "2nd Yerevan Open"]
[Site "?"]
[Date "2017.09.25"]
[Round "7.52"]
[White "Sargsyan , Anna M."]
[Black "Tavakalyan, Azat"]
[Result "1-0"]
[WhiteElo "2047"]
[BlackElo "1867"]
[PlyCount "49"]

1. d4 f5 2. Nf3 Nf6 3. g3 b6 4. Bg2 Bb7 5. O-O e6 6. c4 Be7 7. d5 exd5 8. Nd4
g6 9. cxd5 Bxd5 10. Bxd5 Nxd5 11. Nxf5 Nf6 12. Nxe7 Qxe7 13. Nc3 Nc6 14. Bg5
Qe6 15. e4 h6 16. Nd5 Nxd5 17. exd5 Qf5 18. Bf4 Ne7 19. Re1 d6 20. Rc1 Kd8 21.
Rxc7 Kxc7 22. Rxe7+ Kd8 23. Bxd6 Re8 24. Qe2 Rf8 25. Bc7+ 1-0

[Event "2nd Yerevan Open"]
[Site "?"]
[Date "2017.09.25"]
[Round "7.53"]
[White "Hoghmrtsyan , Artur"]
[Black "Rezanezhad, Mojtaba"]
[Result "1-0"]
[WhiteElo "2012"]
[BlackElo "1822"]
[PlyCount "107"]

1. Nf3 Nf6 2. g3 g6 3. Bg2 Bg7 4. O-O d6 5. d4 Nbd7 6. c4 c6 7. Nc3 Nb6 8. b3
d5 9. cxd5 Nbxd5 10. Nxd5 cxd5 11. Ba3 Qa5 12. Qc1 Ne4 13. Ne5 Be6 14. Qb2 Qc3
15. Rfc1 Qxb2 16. Bxb2 Rc8 17. Rxc8+ Bxc8 18. Rc1 O-O 19. Rc7 Re8 20. Ba3 Bf8
21. e3 f6 22. Nd7 Kf7 23. Nxf8 Kxf8 24. Bb4 Kf7 25. Kf1 Ke6 26. a4 f5 27. Ke2
Nf6 28. a5 a6 29. f3 Nd7 30. e4 Nf6 31. e5 Nd7 32. f4 h6 33. Ke3 g5 34. g4 fxg4
35. f5+ Kxf5 36. Bxd5 Nf8 37. Be4+ Ke6 38. Bc3 Kf7 39. d5 h5 40. e6+ Nxe6 41.
dxe6+ Bxe6 42. Bxb7 Bxb3 43. Bxa6 Bd5 44. Bc8 Kg6 45. a6 e6 46. a7 h4 47. Bb7
g3 48. hxg3 h3 49. Bxd5 exd5+ 50. Kf2 h2 51. Kg2 Re2+ 52. Kh1 Ra2 53. g4 Kh6
54. Bd4 1-0

[Event "2nd Yerevan Open"]
[Site "?"]
[Date "2017.09.25"]
[Round "7.54"]
[White "Hakobyan , Norayr"]
[Black "Nazemi , Pedram"]
[Result "1/2-1/2"]
[WhiteElo "1727"]
[BlackElo "1978"]
[PlyCount "102"]

1. d4 Nf6 2. Nf3 d5 3. g3 Nc6 4. Bg2 Bf5 5. c3 Qd7 6. O-O Ne4 7. Nbd2 f6 8. e3
g5 9. Nxe4 Bxe4 10. Nd2 Bd3 11. Qh5+ Bg6 12. Qf3 O-O-O 13. e4 e6 14. Qxf6 Be7
15. Qf3 h5 16. Qe2 Rdf8 17. h3 Bd8 18. e5 Qh7 19. Re1 Ne7 20. Nb3 g4 21. Nc5
Nf5 22. Nxe6 Re8 23. Nxd8 Rxd8 24. h4 c6 25. Bg5 Rde8 26. b4 Nd6 27. a4 Rhf8
28. Qa2 Ne4 29. Bf4 Qe7 30. Bxe4 Bxe4 31. Bg5 Qe6 32. Rxe4 dxe4 33. Qxe6+ Rxe6
34. Re1 Rf3 35. Be3 b6 36. Kf1 a6 37. Ke2 b5 38. a5 Kd7 39. Kd2 Re8 40. Re2 Ke6
41. Kc2 Kd5 42. Kd2 Kc4 43. Kc2 Ref8 44. Kd2 Kb3 45. Re1 Kc4 46. Re2 Rb8 47.
Re1 Kd5 48. Re2 Rf7 49. Bf4 Re7 50. Ke3 Rf8 51. Re1 Re6 1/2-1/2

[Event "2nd Yerevan Open"]
[Site "?"]
[Date "2017.09.25"]
[Round "7.55"]
[White "Avetisyan , Mariam"]
[Black "Chaqryan , Erik"]
[Result "1-0"]
[WhiteElo "1976"]
[BlackElo "1821"]
[PlyCount "75"]

1. d4 Nf6 2. Nf3 g6 3. Bf4 Bg7 4. e3 O-O 5. h3 d6 6. Be2 c5 7. c3 Nbd7 8. O-O
b6 9. Nbd2 Bb7 10. Qb3 e5 11. Bh2 Qe7 12. Nc4 Ne4 13. dxe5 Nxe5 14. Nfxe5 dxe5
15. Rad1 Rad8 16. Bf3 Kh8 17. Qc2 f5 18. Rxd8 Rxd8 19. Rd1 Rxd1+ 20. Qxd1 h6
21. Be2 Ng5 22. Qd6 Qxd6 23. Nxd6 Bd5 24. c4 Be6 25. Nb5 a6 26. Nc7 Bc8 27. Nd5
Ne6 28. Ne7 Bb7 29. Nxg6+ Kh7 30. Nxe5 Bxe5 31. Bxe5 Bc6 32. f3 Kg6 33. Bd3 Kg5
34. h4+ Kxh4 35. Bxf5 Ng5 36. Bg4 Ne4 37. Kh2 h5 38. Bf5 1-0

[Event "2nd Yerevan Open"]
[Site "?"]
[Date "2017.09.25"]
[Round "7.56"]
[White "Ohanyan , Emin"]
[Black "Davtyan , David Arm."]
[Result "1/2-1/2"]
[WhiteElo "1672"]
[BlackElo "2096"]
[PlyCount "98"]

1. e4 c5 2. a3 g6 3. Nf3 Bg7 4. Nc3 Nc6 5. Bc4 e6 6. O-O Nge7 7. Re1 d6 8. d3
O-O 9. Bg5 h6 10. Bf4 a6 11. Qd2 Kh7 12. Rad1 b5 13. Ba2 Bb7 14. g3 Nd4 15. Kg2
f5 16. Ng1 b4 17. axb4 cxb4 18. Nce2 fxe4 19. dxe4 Nxe2 20. Qxe2 e5 21. Bc1 Qa5
22. Bc4 Rac8 23. Bd3 d5 24. Bd2 Qc5 25. Be3 dxe4 26. Bxa6 Bxa6 27. Qxa6 Qxc2
28. Rd2 Qb3 29. Qb7 Nf5 30. Qxe4 Rfd8 31. Red1 Rxd2 32. Rxd2 Nxe3+ 33. Qxe3
Qxe3 34. fxe3 b3 35. Kf3 e4+ 36. Kxe4 Rc2 37. Kd3 Rxd2+ 38. Kxd2 Bxb2 39. Nf3
Ba3 40. Kc3 b2 41. Kc2 Bc5 42. Nd4 Ba3 43. Kb1 g5 44. Nc2 Bd6 45. Kxb2 g4 46.
Kc3 h5 47. Kd3 h4 48. gxh4 Bxh2 49. Ke2 Kh6 1/2-1/2

[Event "2nd Yerevan Open"]
[Site "?"]
[Date "2017.09.25"]
[Round "7.58"]
[White "Manukyan, Sevak N."]
[Black "Petrosyants , Argishti"]
[Result "1-0"]
[WhiteElo "1799"]
[BlackElo "1667"]
[PlyCount "99"]

1. d4 d5 2. c4 e6 3. cxd5 exd5 4. Nc3 Nf6 5. Bg5 Be7 6. e3 O-O 7. Bd3 c6 8. Qc2
Nbd7 9. Nf3 Re8 10. O-O Nf8 11. h3 Ng6 12. Rab1 Ne4 13. Bxe7 Qxe7 14. b4 Ng5
15. Nxg5 Qxg5 16. f4 Qf6 17. Rfe1 Qd6 18. Na4 b6 19. b5 cxb5 20. Bxb5 Bd7 21.
Bxd7 Qxd7 22. Nb2 Nh4 23. Nd3 f6 24. Nb4 Rac8 25. Qb3 Rc4 26. Nd3 Rec8 27. Qb5
Qxb5 28. Rxb5 Rc2 29. Nf2 Rxa2 30. Rxd5 Rcc2 31. Rf1 a5 32. e4 a4 33. Rd8+ Kf7
34. d5 a3 35. Ra8 Ng6 36. Ra7+ Kg8 37. e5 Nxf4 38. d6 Rd2 39. d7 Kf8 40. exf6
gxf6 41. Re1 Rxd7 42. Rxd7 Rb2 43. Kf1 a2 44. Ra7 b5 45. g3 Nd5 46. Nd3 Rd2 47.
Nc5 Nc3 48. Ne6+ Kg8 49. Rg7+ Kh8 50. Rc7 1-0

[Event "2nd Yerevan Open"]
[Site "?"]
[Date "2017.09.25"]
[Round "7.59"]
[White "Mashalov., Aliniyaz"]
[Black "Nourimoghaddam, Shahrokh	"]
[Result "0-1"]
[WhiteElo "1636"]
[BlackElo "1794"]
[PlyCount "116"]

1. d4 d5 2. c4 e6 3. Nc3 Nf6 4. cxd5 exd5 5. Bg5 c6 6. e3 Be7 7. Bd3 Nbd7 8.
Nf3 Nf8 9. Qc2 Ne6 10. Bh4 g6 11. Rb1 Ng7 12. b4 a6 13. O-O Bf5 14. Bxf5 Nxf5
15. Bg5 O-O 16. a4 Rc8 17. Qb3 Nd6 18. Ne5 Nfe4 19. Bxe7 Qxe7 20. Nxe4 Nxe4 21.
Qd3 f6 22. Nf3 Nd6 23. Nd2 Rfe8 24. h3 Qe6 25. Nb3 Qf7 26. Nc5 Re7 27. Rbe1
Rce8 28. f3 f5 29. Rf2 Qg7 30. Rfe2 Qf6 31. e4 dxe4 32. fxe4 Nxe4 33. Nxe4 Rxe4
34. Rxe4 Rxe4 35. Rxe4 fxe4 36. Qxe4 Qd6 37. b5 axb5 38. axb5 cxb5 39. d5 b4
40. Qc4 Kf7 41. Kh1 Ke7 42. Qe4+ Kd7 43. Qg4+ Kc7 44. Qc4+ Kb8 45. Qb5 Kc7 46.
Qc4+ Kb6 47. h4 Qc5 48. Qd3 Qc1+ 49. Kh2 Qc3 50. Qd1 Kc5 51. Kg1 Kd6 52. Kh1 b3
53. Qf1 b2 54. Qf8+ Kxd5 55. Qd8+ Kc4 56. Qc7+ Kd3 57. Qd6+ Kc2 58. Qd1+ Kxd1
0-1

[Event "2nd Yerevan Open"]
[Site "?"]
[Date "2017.09.25"]
[Round "7.60"]
[White "Khachatryan , Veronika"]
[Black "Arakelyan, Nare"]
[Result "1-0"]
[WhiteElo "1595"]
[BlackElo "1772"]
[PlyCount "81"]

1. d4 Nf6 2. c4 g6 3. Nc3 Bg7 4. e4 d6 5. Be2 O-O 6. Bg5 Nbd7 7. Qd2 c5 8. d5
Qa5 9. Nf3 a6 10. O-O Rb8 11. a4 Qc7 12. Qc2 h6 13. Bh4 g5 14. Bg3 Nh5 15. Nd1
Nxg3 16. hxg3 Nf6 17. Ne3 e6 18. Rfe1 Bd7 19. Rad1 Rfd8 20. Bd3 b5 21. axb5
axb5 22. cxb5 Bxb5 23. Nc4 exd5 24. exd5 Nxd5 25. Bh7+ Kh8 26. Rxd5 Bxc4 27.
Qxc4 Kxh7 28. b3 Rb4 29. Qd3+ Kg8 30. Rd1 Qb6 31. Nd2 Bd4 32. Re1 Be5 33. Rexe5
Ra8 34. Rxd6 Qa5 35. Re7 Qa1+ 36. Kh2 Qd1 37. Rxh6 Kf8 38. Qd7 Kg7 39. Rxf7+
Kxh6 40. Rh7+ Kg6 41. Qf7# 1-0

[Event "2nd Yerevan Open"]
[Site "?"]
[Date "2017.09.25"]
[Round "7.61"]
[White "Hakobyan , Hakob Mk."]
[Black "Yedigaryan , Asya"]
[Result "1-0"]
[WhiteElo "1763"]
[BlackElo "1499"]
[PlyCount "85"]

1. e4 e6 2. d4 d5 3. e5 c5 4. c3 Nc6 5. Nf3 Qb6 6. a3 c4 7. Nbd2 Na5 8. g3 Bd7
9. h4 Ne7 10. Bh3 Nc8 11. O-O Qc7 12. Ne1 Be7 13. f4 g6 14. h5 Nb6 15. Ndf3 Ba4
16. Qe2 Nb3 17. Rb1 O-O-O 18. Ng2 Kb8 19. Ne3 Rdg8 20. Kh2 Qd8 21. g4 gxh5 22.
gxh5 Bd7 23. Ng4 h6 24. Be3 Rg7 25. Bf2 Rgg8 26. Rg1 Ka8 27. Rg2 Bc8 28. Rbg1
Nd7 29. Qe1 Na5 30. Bg3 Nc6 31. Ne3 Nf8 32. f5 Bg5 33. f6 Nh7 34. Qe2 Qf8 35.
Nxg5 Nxg5 36. Bf4 Ne4 37. Rxg8 Rxg8 38. Bxh6 Qxh6 39. Rxg8 Qf4+ 40. Kg2 Kb8 41.
Qf3 Qh4 42. Bxe6 fxe6 43. f7 1-0

[Event "2nd Yerevan Open"]
[Site "?"]
[Date "2017.09.25"]
[Round "7.62"]
[White "Hovyan , Nikolay"]
[Black "Gevorgyan , Anahit"]
[Result "0-1"]
[WhiteElo "1414"]
[BlackElo "1723"]
[PlyCount "116"]

1. d4 Nf6 2. Nf3 e6 3. g3 b6 4. Bg2 c6 5. O-O Be7 6. c4 Ba6 7. b3 O-O 8. Bb2 d5
9. Nbd2 Nbd7 10. Qc2 Rc8 11. e4 Nxe4 12. Nxe4 dxe4 13. Qxe4 Bf6 14. Rfd1 Qe7
15. Ne5 Bb7 16. Ba3 Qxa3 17. Nxd7 Rfd8 18. Nxf6+ gxf6 19. Qh4 f5 20. Qg5+ Kh8
21. Qf6+ Kg8 22. d5 cxd5 23. cxd5 Bxd5 24. Bxd5 Rxd5 25. Rxd5 exd5 26. Re1 Qf8
27. Qxf5 Qd8 28. Rd1 Rc5 29. b4 Rc4 30. Rxd5 Qe7 31. Qg5+ Qxg5 32. Rxg5+ Kf8
33. Rb5 Rc1+ 34. Kg2 Ra1 35. Rh5 Kg7 36. b5 Rxa2 37. Kf3 Kg6 38. Rd5 Kf6 39.
Ke3 Rb2 40. Rd7 Rxb5 41. Rxa7 Rb3+ 42. Kd4 Rb2 43. Ra6 Kg5 44. f3 Kf5 45. h4 h5
46. Ra7 f6 47. Rh7 Kg6 48. Rc7 Rb3 49. Rc3 Rxc3 50. Kxc3 f5 51. f4 Kf6 52. Kb4
Ke6 53. Kb5 Kd5 54. Kxb6 Ke4 55. Kc5 Kf3 56. Kd4 Kxg3 57. Ke5 Kg4 58. Kf6 Kxf4
0-1

[Event "2nd Yerevan Open"]
[Site "?"]
[Date "2017.09.25"]
[Round "7.63"]
[White "Brutyan , Hamlet"]
[Black "Piliposyan , Gor"]
[Result "1/2-1/2"]
[WhiteElo "1704"]
[BlackElo "1464"]
[PlyCount "152"]

1. e4 c5 2. g3 d6 3. Bg2 Nc6 4. Ne2 g6 5. O-O Bg7 6. c3 Nf6 7. d4 cxd4 8. cxd4
Nd7 9. Nbc3 O-O 10. Be3 e5 11. d5 Ne7 12. Rc1 a6 13. Qc2 f5 14. f3 b5 15. a4 b4
16. Nb1 a5 17. Qc7 Ba6 18. Rfe1 Bxe2 19. Rxe2 f4 20. Qxd8 Rfxd8 21. Bf2 Rdc8
22. Rec2 fxg3 23. hxg3 Bh6 24. Rxc8+ Rxc8 25. Rxc8+ Nxc8 26. Bf1 Nc5 27. Bxc5
dxc5 28. Kf2 Nd6 29. b3 Kf7 30. Bd3 Bg7 31. Nd2 Bh6 32. Nc4 Nxc4 33. Bxc4 Ke7
34. Bf1 Kd6 35. Ke2 g5 36. Kd3 Kc7 37. Kc4 Kb6 38. d6 Kc6 39. Bh3 Kxd6 40. Bf5
Bg7 41. Bxh7 Bf6 42. Bg8 Bd8 43. Kd3 Be7 44. Ke3 Bf8 45. Kf2 Ke7 46. Kg2 Kf6
47. Kh3 Kg6 48. Kg4 Bd6 49. Kh3 Kf6 50. Kg2 Ke7 51. Kf2 Bc7 52. Ke3 Kd7 53. Kd3
Kd6 54. Kc4 Kc6 55. Bf7 Kd6 56. Kb5 Bd8 57. Ka6 Bc7 58. Bc4 Bd8 59. Kb7 Bc7 60.
f4 Bd8 61. f5 Ke7 62. Kc6 Kf6 63. Kd6 Be7+ 64. Kc7 Kg7 65. Kb6 Bd8+ 66. Kxc5
Kf6 67. Kd6 Be7+ 68. Kc7 Kg7 69. Bd5 Kf6 70. Kb6 Bd8+ 71. Kb7 Be7 72. Ka6 Bd8
73. Kb5 Bc7 74. Kc5 Bd8 75. Be6 Be7+ 76. Kb5 Bd8 1/2-1/2

[Event "2nd Yerevan Open"]
[Site "?"]
[Date "2017.09.25"]
[Round "7.64"]
[White " Khachatryan , Hayk"]
[Black "Mitoyan , Zhores"]
[Result "1-0"]
[WhiteElo "1957"]
[BlackElo "1440"]
[PlyCount "53"]

1. e4 c6 2. c4 d5 3. exd5 cxd5 4. cxd5 Nf6 5. Bb5+ Nbd7 6. Nc3 a6 7. Bxd7+ Bxd7
8. Qb3 Qc7 9. Nf3 e6 10. dxe6 Bxe6 11. Qa4+ Bd7 12. Qh4 Bd6 13. d4 h6 14. O-O
O-O-O 15. Ne5 g5 16. Qg3 Rde8 17. f4 gxf4 18. Qh4 Bxe5 19. dxe5 Qxe5 20. Bxf4
Qd4+ 21. Kh1 Re6 22. Rad1 Qc4 23. Bg3 Qxh4 24. Bxh4 Ng4 25. Rxf7 Bc6 26. Bg3
Ne5 27. Rg7 1-0

[Event "2nd Yerevan Open"]
[Site "?"]
[Date "2017.09.25"]
[Round "7.65"]
[White "Qaloyan, Ishkhan"]
[Black "Petrosyan, Sahak"]
[Result "0-1"]
[WhiteElo "1317"]
[BlackElo "1824"]
[PlyCount "112"]

1. c4 e6 2. Nc3 d5 3. d4 Nf6 4. Nf3 Be7 5. Bf4 O-O 6. e3 b6 7. Be2 Bb7 8. Rc1
c5 9. O-O Nc6 10. dxc5 Bxc5 11. Qa4 Qe7 12. Rfd1 Rfd8 13. Bg5 d4 14. exd4 Nxd4
15. Nxd4 Bxd4 16. Qc2 a6 17. Bd3 h6 18. Bh4 Rac8 19. Ne2 Bc5 20. Qc3 Bb4 21.
Qe5 Rc5 22. Qe3 g5 23. a3 Ng4 24. Qg3 gxh4 25. Qxg4+ Rg5 26. Qf4 Bd6 27. Qe3
Bc5 28. Qd2 Rxg2+ 29. Kf1 Rxf2+ 30. Ke1 Qf6 31. Qc3 Rf1+ 32. Kd2 Be3+ 33. Kc2
Bxc1 34. Qxf6 Rxf6 35. Kxc1 Kf8 36. Kc2 Rf2 37. Kc3 Rxh2 38. Rf1 Rh3 39. Nf4
Rdxd3+ 40. Nxd3 Be4 41. Rd1 Bxd3 42. Rxd3 Rxd3+ 43. Kxd3 h3 44. c5 bxc5 45. b4
cxb4 46. axb4 h2 47. b5 h1=B 48. bxa6 Ba8 49. Kd4 Ke7 50. Kc5 h5 51. Kb6 h4 52.
Kc7 h3 53. a7 h2 54. Kb8 h1=B 55. Kc8 Kd6 56. Kb8 Bac6 0-1

[Event "2nd Yerevan Open"]
[Site "?"]
[Date "2017.09.25"]
[Round "7.67"]
[White "Kocharyan , Hayk"]
[Black "Antonyan , Samvel"]
[Result "0-1"]
[WhiteElo "1737"]
[BlackElo "1648"]
[PlyCount "50"]

1. c4 e6 2. Nc3 d5 3. d4 Nf6 4. cxd5 exd5 5. Bg5 Be7 6. e3 O-O 7. Bd3 Nbd7 8.
Qc2 b6 9. Nge2 Bb7 10. O-O c5 11. Ng3 h6 12. Bf4 Re8 13. Nf5 a6 14. Bd6 Bf8 15.
Bxf8 Nxf8 16. Rad1 c4 17. Be2 b5 18. f4 Bc8 19. Rf3 b4 20. Na4 Ne4 21. g4 Bxf5
22. gxf5 Qf6 23. Nc5 Qxf5 24. b3 Qg6+ 25. Rg3 Nxg3 0-1

[Event "2nd Yerevan Open"]
[Site "?"]
[Date "2017.09.25"]
[Round "7.69"]
[White "Hakobyan , Astghik"]
[Black "Mkrtumyan , Robert"]
[Result "0-1"]
[WhiteElo "1708"]
[BlackElo "1642"]
[PlyCount "119"]

1. e4 c5 2. Nf3 Nc6 3. d4 cxd4 4. Nxd4 Nf6 5. Nc3 e6 6. Be3 Bb4 7. Bd3 e5 8.
Nf5 O-O 9. O-O Bxc3 10. bxc3 d5 11. exd5 Nxd5 12. Bc5 Bxf5 13. Bxf5 Re8 14. Qf3
Nf4 15. Be4 Qa5 16. Bd6 Rad8 17. Rfd1 Qxc3 18. Qg4 Rxd6 19. Rxd6 Qxa1+ 20. Rd1
Qxa2 21. Qd7 Qe6 22. Qxb7 Nd4 23. Kh1 Qg4 24. Rb1 g6 25. c3 Nde2 26. Qb5 Qc8
27. Bb7 Qd8 28. Qb3 Qb6 29. Qc2 Qxf2 30. Qa4 Rb8 31. Qc6 Nxc3 32. Rc1 Qxg2+ 33.
Qxg2 Nxg2 34. Rxc3 Rxb7 35. Kxg2 f5 36. Kf3 Kf7 37. Ra3 Kf6 38. h4 g5 39. Ra6+
Rb6 40. hxg5+ Kxg5 41. Rxa7 Rb3+ 42. Ke2 h5 43. Re7 Kf4 44. Rh7 Rb2+ 45. Kf1
Kf3 46. Ke1 Rb1+ 47. Kd2 e4 48. Rxh5 Rb2+ 49. Kc3 Rb5 50. Kc4 Ra5 51. Rh3+ Kf4
52. Rh1 e3 53. Kd3 Rd5+ 54. Ke2 Rd2+ 55. Ke1 Ke4 56. Rh4+ f4 57. Rh8 Ra2 58.
Re8+ Kf3 59. Kd1 Ra1+ 60. Kc2 0-1

[Event "2nd Yerevan Open"]
[Site "?"]
[Date "2017.09.25"]
[Round "7.70"]
[White "Asghari , Mitra"]
[Black "Nanyan , Georgy"]
[Result "1-0"]
[WhiteElo "1673"]
[BlackElo "1610"]
[PlyCount "57"]

1. e4 c5 2. Nc3 a6 3. g3 b5 4. Bg2 Bb7 5. Nge2 e6 6. O-O h5 7. d4 cxd4 8. Nxd4
h4 9. g4 h3 10. Bh1 Rh4 11. Bf4 Nf6 12. Bg5 Rxg4+ 13. Qxg4 Nxg4 14. Bxd8 Kxd8
15. Rad1 Nc6 16. e5 Kc7 17. Nxc6 Bxc6 18. Bxc6 Kxc6 19. Rd3 Nxe5 20. Rxh3 d5
21. Ne2 Kd7 22. Rd1 Rc8 23. Rc3 Rb8 24. b3 b4 25. Re3 Bd6 26. h3 Rb6 27. c4
bxc3 28. Rxc3 Bb4 29. Rc2 {...} 1-0